Statistics for 20 Famous People from Bulgaria

Click here to take the quiz!

General Stats

  • This quiz has been taken 132 times
    (39 since last reset)
  • The average score is 9 of 20

Answer Stats

HintAnswer% Correct
Geatest Bulgarian footballer of all time who received the Ballon d'Or in 1994Hristo Stoichkov
88%
Footballer and Bulgaria's all-time leading goal scorerDimitar Berbatov
82%
Bulgarian-born Canadian actress and model who played in The Vampire DiariesNina Dobrev
76%
Tennis player who won ATP finals in 2017Grigor Dimitrov
74%
Revolutionary whose movement was to liberate Bulgaria from Ottoman ruleVasil Levski
68%
Female high jumper whose world record of 2.09 metres has stood since 1987Stefka Kostadinova
65%
Revolutionary and poet, who was a symbolic historical figure and national heroHristo Botev
62%
Blind mystic who is believed to have possessed paranormal abilitiesBaba Vanga
59%
Prime minister of Bulgaria since 2017Boyko Borisov
59%
Last tsar of Bulgaria from 1943 to 1946 and Prime Minister from 2001 to 2005Simeon Saxe-Coburg-Gotha
56%
Actress best known for playing Borat's daughter Tutar in the movie Borat 2Maria Bakalova
44%
Singer who won the 2nd place at the Eurovision Song Contest in 2017Kristian Kostov
41%
Basketball player for the Sacramento Kings who was EuroLeague MVP in 2023Aleksandar Vezenkov
29%
Chess grandmaster and former FIDE World Chess ChampionVeselin Topalov
29%
Arguably considered Bulgaria’s best narrator of country lifeElin Pelin
15%
Patron saint of the Bulgarian Orthodox ChurchIvan Rilski
15%
Managing director of the International Monetary Fund since 2019Kristalina Georgieva
15%
Tennis player whose sisters Magdalena and Katerina were also tennis playersManuela Maleeva
15%
Footballer who played for the national team 96 times, scoring a record 48 goalsHristo Bonev
9%
Female hurdling athlete who set four 100 m hurdles world records in 1986Yordanka Donkova
6%

Score Distribution

Percentile by Number Answered

Percent of People with Each Score

Your Score History

You have not taken this quiz since the last reset